Online
Catalog

Memorias IV congreso de sexualidad humana : (Record no. 38756)

MARC details
000 -CABECERA
campo de control de longitud fija 00504nam a2200145 a 4500
001 - NÚMERO DE CONTROL
campo de control 000039266
005 - FECHA Y HORA DE LA ÚLTIMA TRANSACCIÓN
campo de control 20201002031553.0
008 - DATOS DE LONGITUD FIJA--INFORMACIÓN GENERAL
campo de control de longitud fija 130619s1993 dr r 000 0 spa d
040 ## - FUENTE DE LA CATALOGACIÓN
Centro catalogador/agencia de origen DO-SdBNP
Lengua de catalogación spa
Centro/agencia transcriptor BNPHU
082 ## - NÚMERO DE LA CLASIFICACIÓN DECIMAL DEWEY
Número de clasificación xxxx
Número de documento/Ítem xxxx
111 2# - ENTRADA PRINCIPAL--NOMBRE DE CONGRESO/REUNIÓN
Nombre de congreso/reunión o jurisdicción como elemento de entrada Congreso de sexualidad humana
Número del congreso/reunión o número de parte o sección (4to. :
Fecha del congreso/reunión 1993-nov-3-5 :
Sede del congreso/Lugar de la reunión Santo Domingo)
9 (RLIN) 65465
245 10 - MENCIÓN DE TÍTULO
Título Memorias IV congreso de sexualidad humana :
Resto del título educación sexual ¿una alternativa viable?
260 ## - PUBLICACIÓN, DISTRIBUCIÓN, ETC.
Lugar de publicación, distribución, etc. Santo Domingo :
Nombre del editor, distribuidor, etc. Cenapec,
Fecha de publicación, distribución, etc. 1993.
300 ## - DESCRIPCIÓN FÍSICA
Extensión 179 p. ;
Dimensiones 22 cm.
Holdings
Estado de retiro Estado de pérdida No para préstamo Código de colección Localización permanente Ubicación/localización actual Ubicación en estantería Fecha de adquisición Número de inventario Total de préstamos Signatura topográfica completa Código de barras Fecha visto por última vez Precio válido a partir de Tipo de ítem Koha Número de copia Nota pública
    Excluido de préstamo Patrimonio Dominicano Patrimonio Dominicano Patrimonio Dominicano Depósito 19.06.2013 LF1   xxxx xxxx 39266-10 25.06.2020 25.06.2020 Libro y Folleto Colección Patrimonio Dominicano    
    Excluido de préstamo Patrimonio Dominicano Patrimonio Dominicano Patrimonio Dominicano Depósito 05.07.2019 LF1   xxxx xxxx 39266-20 25.06.2020 25.06.2020 Libro y Folleto Colección Patrimonio Dominicano e.2 Perteneció a la biblioteca personal de Bárbara Suncar.

Powered by Koha